000
00299nam a2200121Ia 4500
008
191201s2011 xx 000 0 und d
100
_a
CHANDAN,J.S.
245
0
_a
Management information system BCA-309 SEM-6
260
_a
N. delhi
_b
Vikas Pub
_c
2011
300
_a
287
650
_a
MCA
942
_2
ddc
_c
BK
999
_c
276
_d
276